000 00892nam a2200265Ia 4500
003 OSt
005 20221005113114.0
006 a|||||r|||| 00| 0
007 ta
008 221004b |||||||| |||| 00| 0 pan d
020 _c200
024 _a80620
037 _b595, 09/02/2012, H.K. Prakashan
_cTextual
040 _aCRL
_cCRL
_bpan
041 _2pan
_apan
082 _aQ8441:21:g, 153P3
100 _aਬਲਦੇਵ ਸਿੰਘ, ਬੱਦਨ
245 0 _aਗੁਰਬਾਣੀ ਚਿੰਤਨ
260 _aਦਿੱਲੀ
_bਮਨਪ੍ਰੀਤ ਪ੍ਰਕਾਨ ਭਾਰਤ
_c2003
300 _a175ਪੰ
_ccm.
650 _a ਸਿੱਖ ਧਰਮ
_9156314
650 _aਧOਰੁ Fਸੱਢ
942 _hQ8441:21:g, 153P3
_cTEXL
_2cc
999 _c1027066
_d1027066